000 00838aam a2200301 i 4500
001 768714001
003 CO-MdFUSB
005 20250526120109.0
007 ta
008 250526t1982 sp |||| |||| 00| 0 spa d
020 _a84-7228-747-5
040 _cCO-MdFUSB
041 0 _aspa
082 0 4 _223
_a248.4
_bM9811b
100 1 _aMurray, Andrew (1828-1917)
_eautor
245 1 3 _aLas bendiciones de pentecostes
_c/ Andrew Murray ; traducido por Samuel Vila
264 1 _bClie,
_aTerrassa, Barcelona, España :
_c[1982]
264 4 _c©1982
300 _a127 páginas
336 _atexto
_btxt
_2rdacontent
337 _2rdamedia
_asin mediación
_bn
338 _2rdacarrier
_avolumen
_bnc
563 _aRústico
650 0 _aVida cristiana
_919
700 _aVila, Samuel,
_92027
_etraductor
942 _cBK
945 _aJTF-925
999 _c35884
_d35884